000 00304nam a2200133Ia 4500
008 230917s9999||||xx |||||||||||||| ||und||
020 _cRS60
040 _e193959
_aMAIN
041 _aEnglish
082 _a891.4391 G341M:S
100 _aMohani, Bakhynd
245 0 _aSharah diwan-e-Ghalib
942 _cBK
999 _c53785
_d53785